[Event "It (open)"]
[Site "masterchessopen.com Albena (Bulgaria)"]
[Date "2011.06.26"]
[Round "2"]
[White "Krastev Vasil (BUL)"]
[Black "Badev Kiril (BUL)"]
[Result "0-1"]
[WhiteElo "2028"]
[BlackElo "2317"]

1.d4 Nf6 2.c4 e6 3.Nc3 Bb4 4.e3 O-O 5.Ne2 d5 6.a3 Be7 7.Qc2 Nbd7 8.cxd5 exd5
9.Ng3 Re8 10.b4 a5 11.b5 Nf8 12.Bd3 Ne6 13.O-O c5 14.bxc6 bxc6 15.Bb2 c5
16.dxc5 Nxc5 17.Bb5 Bd7 18.Bxd7 Qxd7 19.Rfd1 Qe6 20.Nf5 Bf8 21.Nd4 Qe5 22.Nf3
Qh5 23.Ne2 Nce4 24.Nf4 Qh6 25.Nxd5 Ng4 26.Rf1 Ng5 27.h3 Nxf3+ 28.gxf3 Qxh3
29.Qc7 Qxf3 30.Qf4 Qxd5 31.Qxg4 Ra6 32.Rfd1 Qb5 33.Qd7 Rg6+ 34.Kh2 Qxb2 {#R}
0-1

[Event "Ch Greece (juniors) (under 14)"]
[Site "masterchessopen.com Eretria (Greece)"]
[Date "2011.06.28"]
[Round "6"]
[White "Nikolaou Spiridon (GRE)"]
[Black "Papakonstantinou Dimitrios (GRE)"]
[Result "0-1"]
[WhiteElo "1706"]
[BlackElo "1809"]

1.d4 Nf6 2.c4 e6 3.Nc3 Bb4 4.e3 O-O 5.Ne2 Bxc3+ 6.Nxc3 d6 7.Be2 Nbd7 8.O-O Qe7
9.Qc2 e5 10.b3 c5 11.dxc5 dxc5 12.Rd1 Re8 13.Bb2 Nf8 14.Rd2 Bd7 15.Rad1 Bc6
16.Nd5 Bxd5 17.cxd5 Qd6 18.e4 Ng6 19.g3 Rac8 20.a4 Red8 21.Re1 Ne8 22.h4 Qe7
23.Bg4 Rc7 24.Qc3 f6 25.h5 Nf8 26.Kg2 Nd6 27.Rde2 h6 28.f4 Re8 29.Bf3 b6
30.Kf2 a6 31.Rc1 b5 32.Qa5 Ra7 33.Ba3 Rc8 34.f5 b4 35.Bb2 Nd7 {#R} 0-1

[Event "It (open)"]
[Site "masterchessopen.com Karvina (Czech Republic)"]
[Date "2011.07.07"]
[Round "6"]
[White "Sobek Jaroslav (CZE)"]
[Black "Dobes Vojtech (CZE)"]
[Result "1-0"]
[WhiteElo "2267"]
[BlackElo "2061"]

1.d4 Nf6 2.c4 e6 3.Nc3 Bb4 4.e3 O-O 5.Ne2 d5 6.a3 Bd6 7.c5 Be7 8.Nf4 c6 9.Be2
e5 10.dxe5 Nfd7 11.b4 Nxe5 12.Bb2 Ng6 13.Nh5 Nd7 14.e4 dxe4 15.Nxe4 f6 16.Qb3+
Kh8 17.O-O Qc7 18.f4 b6 19.Ng5 bxc5 20.Nf7+ Rxf7 21.Qxf7 Bf8 22.Bc4 Ne7
23.Rae1 {#r} 1-0

[Event "Ch Switzerland (open)"]
[Site "masterchessopen.com Leukerbad (Switzerland)"]
[Date "2011.07.15"]
[Round "9"]
[White "Siebrecht Sebastian (GER)"]
[Black "Nueesch G (SUI)"]
[Result "1-0"]
[WhiteElo "2471"]
[BlackElo "2371"]

1.d4 Nf6 2.c4 e6 3.Nc3 Bb4 4.e3 O-O 5.Ne2 d5 6.a3 Be7 7.c5 b6 8.b4 a5 9.Rb1
axb4 10.axb4 bxc5 11.bxc5 Ba6 12.g3 Nc6 13.Bg2 e5 14.O-O e4 15.f3 Bd3 16.Rb2
Ra1 17.Re1 g5 18.h4 h6 19.hxg5 hxg5 20.g4 Re8 21.Ng3 Bf8 22.Bf1 Bxf1 23.Rxf1
Qd7 24.fxe4 Nxe4 25.Ncxe4 dxe4 26.Rbf2 Nb4 27.Rxf7 Be7 28.Qb3 Nd5 29.R7f5 c6
30.Qb2 Qc7 31.Nxe4 Rea8 32.Qf2 R1a2 33.Bd2 {#r} 1-0

[Event "Cup Corporation Centre (open)"]
[Site "masterchessopen.com Izhevsk (Russia)"]
[Date "2011.07.17"]
[Round "2"]
[White "Khismatullin Denis (RUS)"]
[Black "Harutjunyan Gevorg (ARM)"]
[Result "1-0"]
[WhiteElo "2635"]
[BlackElo "2471"]

1.d4 Nf6 2.c4 e6 3.Nc3 Bb4 4.e3 O-O 5.Ne2 c5 6.a3 Bxc3+ 7.Nxc3 cxd4 8.exd4 d5
9.c5 b6 10.b4 bxc5 11.dxc5 e5 12.Bg5 Bb7 13.Bxf6 Qxf6 14.Nxd5 Bxd5 15.Qxd5 e4
16.Ra2 Rd8 17.Qc4 e3 18.fxe3 Qg6 19.Qb3 Nc6 20.Bc4 Qf6 21.Bd5 Ne5 22.Rf2 Qa6
23.Rd2 Rab8 24.Rf1 Kh8 25.Qc3 Re8 26.Bxf7 Re7 27.Rd6 Qa4 28.Be6 Ng6 29.Rf7
Rxf7 30.Bxf7 Nh4 31.Qd2 Rf8 32.Rd8 Nxg2+ 33.Kf2 {#r} 1-0

[Event "It (open)"]
[Site "masterchessopen.com Arinsal (Andorra)"]
[Date "2011.07.19"]
[Round "4"]
[White "Gagarin Vasilij (RUS)"]
[Black "Gonzalez Yuri (CUB)"]
[Result "0-1"]
[WhiteElo "2419"]
[BlackElo "2556"]

1.d4 Nf6 2.c4 e6 3.Nc3 Bb4 4.e3 O-O 5.Ne2 d5 6.a3 Be7 7.cxd5 exd5 8.Ng3 c5
9.dxc5 Bxc5 10.b4 d4 11.bxc5 dxc3 12.Qxd8 Rxd8 13.Ne2 Ne4 14.f3 Nxc5 15.Nxc3
Nc6 16.Bc4 Na5 17.Bd5 Be6 18.Bxe6 Nd3+ 19.Ke2 fxe6 20.Rb1 Rac8 21.Bd2 Nc4
22.Rhg1 Nxd2 23.Kxd2 Ne5+ 24.Kc2 Nc4 25.Rb3 Nxe3+ 26.Kb1 Rd3 27.Kb2 b5 28.Rc1
a6 29.g4 Nc4+ 30.Ka2 Rxf3 31.Ne4 Rxb3 {#R} 0-1

[Event "It (open)"]
[Site "masterchessopen.com Dortmund (Germany)"]
[Round "9"]
[White "Reinhardt Raphael-Timon"]
[Black "Ditmas Hugh (GER)"]
[Result "0-1"]
[WhiteElo "1783"]
[BlackElo "1924"]

1.d4 Nf6 2.c4 e6 3.Nc3 Bb4 4.e3 O-O 5.Ne2 d5 6.a3 Bd6 7.c5 Be7 8.Nf4 c6 9.Bd3
b6 10.b4 Nbd7 11.Bd2 e5 12.Nh3 Re8 13.O-O bxc5 14.bxc5 Nf8 15.Kh1 Bg4 16.f3
Bxh3 17.gxh3 exd4 18.exd4 Qd7 19.h4 Qh3 20.Qa4 Ne6 21.Ne2 Ng4 22.Bxh7+ Kxh7
23.Qc2+ Kg8 24.fxg4 Qxg4 25.Qd3 Bxh4 26.Rg1 Qe4+ 27.Qxe4 dxe4 28.Rg4 Bf6
29.Rxe4 Nxc5 30.Rxe8+ Rxe8 {#R} 0-1

[Event "It (open)"]
[Site "masterchessopen.com Kavala (Greece)"]
[Date "2011.08.04"]
[Round "7"]
[White "Botsari Anna-Maria (GRE)"]
[Black "Tzintzios Georgios (GRE)"]
[Result "1-0"]
[WhiteElo "2313"]
[BlackElo "2183"]

1.d4 Nf6 2.c4 e6 3.Nc3 Bb4 4.e3 O-O 5.Ne2 d5 6.a3 Be7 7.cxd5 exd5 8.g3 c6
9.Bg2 Na6 10.O-O Nc7 11.Nf4 Ne6 12.Nd3 Ng5 13.f3 Bh3 14.Bxh3 Nxh3+ 15.Kg2 Ng5
16.Bd2 Qd7 17.g4 Bd6 18.Be1 Rfe8 19.h4 Nge4 20.fxe4 Nxg4 21.Qe2 dxe4 22.Nc5
Bxc5 23.dxc5 Ne5 24.Rd1 Qe6 25.Rd6 Qc4 26.Rd4 Qxc5 27.Nxe4 Qe7 28.Bg3 c5
29.Rd5 Ng6 30.Nd6 Nxh4+ 31.Bxh4 Qxh4 32.Nxe8 Rxe8 33.Qf3 f6 34.Rh5 Qa4 35.Qd5+
Kh8 36.Rxh7+ {#r} 1-0

[Event "It (open)"]
[Site "masterchessopen.com Alghero (Italy)"]
[Date "2011.08.26"]
[Round "3"]
[White "Avrukh Boris (ISR)"]
[Black "Sgnaolin Davide (ITA)"]
[Result "1-0"]
[WhiteElo "2600"]
[BlackElo "2248"]

1.d4 Nf6 2.c4 e6 3.Nc3 Bb4 4.e3 O-O 5.Ne2 Re8 6.a3 Bf8 7.d5 d6 8.g3 Nbd7 9.Bg2
Ne5 10.b3 exd5 11.cxd5 h5 12.h3 Bd7 13.e4 c6 14.Bg5 Be7 15.dxc6 Bxc6 16.O-O
Rc8 17.f4 Ng6 18.Ra2 b5 19.Kh1 Qb6 20.Rd2 b4 21.axb4 Qxb4 22.Rd4 Qa5 23.Qa1
Qb6 24.Rfd1 Qb7 25.Qb1 Rb8 26.Rc4 Rbc8 27.Bxf6 Bxf6 28.Rxd6 {#r} 1-0

[Event "Cup World FIDE"]
[Site "masterchessopen.com Khanty Mansyisk (Russia)"]
[Date "2011.08.29"]
[Round "1"]
[White "El Gindy Essam_ (EGY)"]
[Black "Almasi Zoltan (HUN)"]
[Result "0-1"]
[WhiteElo "2510"]
[BlackElo "2726"]

1.d4 Nf6 2.c4 e6 3.Nc3 Bb4 4.e3 O-O 5.Ne2 d5 6.a3 Be7 7.cxd5 exd5 8.b4 c6
9.Ng3 b5 10.Qc2 a5 11.Rb1 axb4 12.axb4 Na6 13.Na2 Bd7 14.Bd3 Re8 15.O-O Bd6
16.f3 Qc7 17.Qf2 Be6 18.Bd2 Qe7 19.Rfc1 Nb8 20.Rb2 Ra3 21.Rc3 Ra6 22.Rc1 Nbd7
23.Nf5 Bxf5 24.Bxf5 Rea8 25.Bb1 Qe8 26.Re1 Nb6 27.e4 dxe4 28.Bg5 Qe6 29.Nc3
Nc4 30.Rbe2 Bxb4 31.Nxe4 Nxe4 32.Rxe4 Bxe1 33.Qxe1 Qd7 34.Qh4 f5 35.Re7 Qd6
36.Qe1 Ra1 {#R} 0-1

[Event "It (open)"]
[Site "masterchessopen.com Yuzhny (Ukraine)"]
[Date "2011.09.04"]
[Round "3"]
[White "Guk Ilja (UKR)"]
[Black "Varchenko Grigory (UKR)"]
[Result "0-1"]
[WhiteElo "2280"]
[BlackElo "2119"]

1.d4 Nf6 2.c4 e6 3.Nc3 Bb4 4.e3 O-O 5.Ne2 d5 6.a3 Be7 7.c5 Nbd7 8.f4 Ne4
9.Nxe4 dxe4 10.Ng3 Bh4 11.Be2 f5 12.O-O Nf6 13.Bd2 Nd5 14.Nh1 Bf6 15.b4 g5
16.g3 Kh8 17.Nf2 gxf4 18.gxf4 Bh4 19.Nh3 Qf6 20.Kh1 Rg8 21.Bc4 Bd7 22.Qe2 Qh6
23.Bxd5 exd5 24.Rg1 Rg4 25.Rxg4 fxg4 26.Ng5 Rf8 27.Be1 Qh5 28.Bc3 Qg6 29.Be1
Qh5 30.Bc3 Qe8 31.Be1 Bxe1 32.Qxe1 Qh5 33.Qg3 h6 34.f5 Qxg5 35.Qxc7 Qxf5 {#R}
0-1

[Event "Cup Rector"]
[Site "masterchessopen.com Saratov (Russia)"]
[Date "2011.09.12"]
[Round "4"]
[White "Borisovsky Viktor (RUS)"]
[Black "Smirnov Alexandr A (RUS)"]
[Result "0-1"]
[WhiteElo "2129"]
[BlackElo "2160"]

1.d4 Nf6 2.c4 e6 3.Nc3 Bb4 4.e3 O-O 5.Ne2 d5 6.cxd5 exd5 7.g3 Re8 8.Bg2 c6
9.O-O Bf8 10.f3 c5 11.g4 h6 12.Ng3 Nc6 13.h3 b6 14.f4 cxd4 15.exd4 Nxd4 16.g5
Ne4 17.Ngxe4 dxe4 18.Nxe4 Ba6 19.Re1 Be2 20.Qd2 Nf3+ 21.Bxf3 Bxf3 22.Ng3 hxg5
23.fxg5 Qc7 24.Kf2 Bb7 25.Qf4 Bc5+ 26.Kf1 Rxe1+ 27.Kxe1 Bd6 {#R} 0-1

[Event "Cup Mayors (open)"]
[Site "masterchessopen.com Mumbai (India)"]
[Date "2011.09.23"]
[Round "10"]
[White "Abhishek Kelkar (IND)"]
[Black "Karthikeyan P (IND)"]
[Result "0-1"]
[WhiteElo "2197"]
[BlackElo "2382"]

1.d4 Nf6 2.c4 e6 3.Nc3 Bb4 4.e3 O-O 5.Ne2 d5 6.a3 Be7 7.cxd5 exd5 8.g3 c6
9.Bg2 a5 10.O-O Na6 11.Qc2 Nc7 12.Bd2 Ne6 13.Rad1 h5 14.e4 dxe4 15.Nxe4 Nd5
16.f4 Bf6 17.Bc1 Re8 18.f5 Nec7 19.N2c3 Nxc3 20.bxc3 a4 21.Qe2 Nd5 22.Bd2 h4
23.Qh5 hxg3 24.hxg3 Qc7 25.Nxf6+ Nxf6 26.Qh4 Bd7 27.g4 Ne4 28.Bf4 Qd8 29.g5
Bxf5 30.Be5 Nxg5 31.Qf4 Bh3 32.Bc7 Bxg2 33.Kxg2 Qd5+ {#R} 0-1

[Event "Bundesliga 2011/12"]
[Site "masterchessopen.com Germany"]
[Date "2011.10.12"]
[Round "6"]
[White "Siebrecht Sebastian (GER)"]
[Black "Hoffmann Paul (GER)"]
[Result "1-0"]
[WhiteElo "2473"]
[BlackElo "2317"]

1.d4 Nf6 2.c4 e6 3.Nc3 Bb4 4.e3 O-O 5.Ne2 d5 6.a3 Be7 7.Nf4 c6 8.Bd3 Nbd7
9.cxd5 Nxd5 10.e4 Nxf4 11.Bxf4 e5 12.dxe5 Bc5 13.Bg3 Bd4 14.f4 Qa5 15.Qc2 b5
16.Rd1 Nc5 17.Bf2 Bxf2+ 18.Qxf2 b4 19.axb4 Qxb4 20.O-O Rb8 21.Bb1 Ba6 22.Rfe1
Rfd8 23.Rd6 Bd3 24.Rxc6 Nxe4 25.Rxe4 Bxe4 26.Bxe4 Rd4 27.Qc2 Rbd8 28.h3 g6
29.e6 f5 30.Bd5 R8xd5 31.Nxd5 Qe1+ 32.Kh2 Rxd5 33.Rc8+ Kg7 34.Qc7+ Kh6 35.Rh8
{#r} 1-0

[Event "Memorial Oliver Gonzalez (open)"]
[Site "masterchessopen.com Madrid (Spain)"]
[Date "2011.10.13"]
[Round "6"]
[White "Martin Rueda Daniel (ESP)"]
[Black "Gonzalez Mateos Rafael (ESP)"]
[Result "1-0"]
[WhiteElo "2311"]
[BlackElo "2186"]

1.d4 Nf6 2.c4 e6 3.Nc3 Bb4 4.e3 O-O 5.Ne2 Ne4 6.Qc2 f5 7.a3 Bxc3+ 8.Nxc3 Nxc3
9.Qxc3 b6 10.b4 Bb7 11.Bb2 Qf6 12.Bd3 d6 13.O-O Nd7 14.f3 c5 15.Rad1 cxd4
16.Qxd4 e5 17.Qc3 Rac8 18.Qd2 Rfd8 19.Bb1 Nf8 20.f4 Qg6 21.Qe2 e4 22.Rd2 Rd7
23.Rfd1 Rcd8 24.Ba2 Kh8 25.c5 d5 26.cxb6 axb6 27.Bd4 Qc6 28.Qh5 Ne6 29.Be5 d4
30.b5 Qxb5 31.Bxe6 Re7 32.Bxf5 {#r} 1-0

[Event "Ch India (w)"]
[Site "masterchessopen.com Chennai (India)"]
[Date "2011.10.30"]
[Round "2"]
[White "Mahalakshmi M (IND)"]
[Black "Michelle Catherina P (IND)"]
[Result "1-0"]
[WhiteElo "1954"]
[BlackElo "2088"]

1.d4 Nf6 2.c4 e6 3.Nc3 Bb4 4.e3 O-O 5.Ne2 d5 6.a3 Bd6 7.c5 Be7 8.Nf4 b6 9.b4
a5 10.Bd2 axb4 11.axb4 Rxa1 12.Qxa1 Nc6 13.Nd3 e5 14.dxe5 Ne4 15.Nxe4 dxe4
16.Nf4 bxc5 17.b5 Nb4 18.Bxb4 cxb4 19.Bc4 g5 20.Nd5 Be6 21.Qd4 Bf5 22.O-O Qd7
23.f3 Re8 24.g4 Be6 25.Qxe4 Bxd5 26.Bxd5 Rd8 27.Bc4 Qd2 28.f4 Bc5 29.Qf5 Bxe3+
30.Kh1 Rd5 31.fxg5 Bf4 32.Qxf4 Qxf4 33.Rxf4 Rxe5 34.Rxf7 {#r} 1-0

[Event "Ch Europe (team) (w)"]
[Site "masterchessopen.com Porto Carras (Greece)"]
[Date "2011.11.04"]
[Round "2"]
[White "Botsari Anna-Maria (GRE)"]
[Black "Kopinits Anna-Christina (AUT)"]
[Result "1-0"]
[WhiteElo "2313"]
[BlackElo "2276"]

1.d4 Nf6 2.c4 e6 3.Nc3 Bb4 4.e3 O-O 5.Ne2 d5 6.a3 Bd6 7.cxd5 exd5 8.g3 c6
9.Bg2 Re8 10.O-O Nbd7 11.f3 c5 12.b3 b6 13.dxc5 Bxc5 14.Nd4 Ba6 15.Rf2 Rc8
16.Bh3 Bxd4 17.Qxd4 Rc7 18.Bxd7 Qxd7 19.Bb2 Rd8 20.Rd1 Bb7 21.a4 Bc6 22.Qd3
Qe6 23.Ne2 Ne8 24.Nd4 Qg6 25.Nf5 Bb7 26.Be5 Rcd7 27.g4 f6 28.Bg3 Nc7 29.Bxc7
Rxc7 30.Rc2 Rxc2 31.Ne7+ Kf7 32.Nxg6 Rdc8 33.Nf4 R2c3 34.Qxh7 {#r} 1-0

[Event "Cup Belgrade (open)"]
[Site "masterchessopen.com Obrenovac (Serbia)"]
[Date "2011.11.25"]
[Round "2"]
[White "Jovanovic Sasa T (SRB)"]
[Black "Ernst Sipke (NED)"]
[Result "0-1"]
[WhiteElo "2276"]
[BlackElo "2593"]

1.d4 Nf6 2.c4 e6 3.Nc3 Bb4 4.e3 O-O 5.Ne2 Re8 6.a3 Bf8 7.Ng3 d5 8.Bd3 b6 9.O-O
Bb7 10.b4 c5 11.bxc5 bxc5 12.dxc5 dxc4 13.Bxc4 Nbd7 14.Rb1 Rb8 15.Rxb7 Rxb7
16.c6 Rc7 17.cxd7 Nxd7 18.Bb5 Rxc3 19.Bxd7 Rxc1 20.Qxc1 Qxd7 21.Qb2 Qa4 22.h3
Rd8 23.Ne2 Qxa3 24.Qxa3 Bxa3 25.Ra1 Bc5 26.Nc3 Bb4 27.Na2 Be7 28.Rb1 h5 29.Kf1
a5 30.Ke2 a4 31.Rb7 Kf8 32.Ra7 a3 33.Nc3 Rb8 34.Nb5 Bc5 {#R} 0-1

[Event "It (open)"]
[Site "masterchessopen.com Litomysl (Czech Republic)"]
[Date "2011.12.29"]
[Round "5"]
[White "Starek Stanislav (CZE)"]
[Black "Jasny Stanislav (CZE)"]
[Result "0-1"]
[WhiteElo "1995"]
[BlackElo "1881"]

1.d4 Nf6 2.c4 e6 3.Nc3 Bb4 4.e3 O-O 5.g3 d5 6.Qb3 c5 7.Bg2 Nc6 8.dxc5 Qa5
9.cxd5 exd5 10.Ne2 Be6 11.Nd4 Qxc5 12.Nxe6 fxe6 13.O-O Na5 14.Qd1 Bxc3 15.bxc3
Nc4 16.Qd4 Rac8 17.Rb1 b6 18.Rd1 Qa5 19.a3 Qa4 20.Rd2 Rc5 21.Rb4 Qc6 22.Re2 e5
23.Qh4 a5 24.Rb1 Qa4 25.Rd2 e4 26.Rbb2 Nxd2 27.Bxd2 Qd1+ 28.Bf1 Ng4 29.f4 exf3
30.Rxb6 Qxd2 31.Qxg4 Qxe3+ 32.Kh1 Rxc3 33.Rb7 Qe5 {#R} 0-1

[Event "Ch City (open)"]
[Site "masterchessopen.com Belgrade (Serbia)"]
[Date "2012.01.29"]
[Round "8"]
[White "Radovanovic Dusan (SRB)"]
[Black "Abramovic Bosko (SRB)"]
[Result "0-1"]
[WhiteElo "2367"]
[BlackElo "2447"]

1.d4 Nf6 2.c4 e6 3.Nc3 Bb4 4.e3 O-O 5.Ne2 d5 6.a3 Be7 7.cxd5 exd5 8.g3 a5
9.Bg2 Na6 10.O-O Re8 11.Nf4 c6 12.f3 c5 13.g4 h6 14.b3 Nc7 15.Ra2 b6 16.Rff2
Ba6 17.Bf1 Bxf1 18.Rxf1 Bd6 19.Rg2 Ne6 20.Nce2 Ra7 21.Nxe6 Rxe6 22.Kh1 Rd7
23.Nf4 Re8 24.g5 hxg5 25.Rxg5 Bxf4 26.exf4 Nh7 27.Rh5 f6 28.Qd3 Nf8 29.Rg1 Qe7
30.dxc5 Qf7 31.Qf5 bxc5 32.Qh3 Qe6 33.f5 Qe2 34.Rh8+ Kf7 35.Qh5+ Ke7 36.Rxg7+
Kd6 {#R} 0-1

[Event "Ch Europe (w)"]
[Site "masterchessopen.com Gaziantep (Turkey)"]
[Date "2012.03.06"]
[Round "5"]
[White "Savina Anastasia (RUS)"]
[Black "Patel Yesim (TUR)"]
[Result "1-0"]
[WhiteElo "2337"]
[BlackElo "1824"]

1.d4 Nf6 2.c4 e6 3.Nc3 Bb4 4.e3 O-O 5.Ne2 d5 6.a3 Bxc3+ 7.Nxc3 b6 8.Bd3 Bb7
9.cxd5 exd5 10.O-O Nbd7 11.Bd2 c5 12.Rc1 Ne4 13.Nxe4 dxe4 14.Bb5 cxd4 15.Bb4
d3 16.Bxf8 Nxf8 17.Bc6 Bxc6 18.Rxc6 Qd7 19.Rc4 Qe6 20.Qa4 f5 21.f3 exf3
22.Rxf3 b5 23.Qxb5 Rd8 24.Rd4 Rxd4 25.exd4 Qe1+ 26.Rf1 Qe3+ 27.Kh1 Ng6 28.Qd5+
Kf8 29.Rxf5+ Ke8 30.Qf7+ {#r} 1-0

[Event "Ch Catalunia (team)"]
[Site "masterchessopen.com Catalunya (Spain)"]
[Date "2012.03.24"]
[Round "9"]
[White "Guasch Sariol Jaume (ESP)"]
[Black "Colon Garcia Enrique (ESP)"]
[Result "0-1"]
[WhiteElo "2122"]
[BlackElo "2302"]

1.d4 Nf6 2.c4 e6 3.Nc3 Bb4 4.e3 O-O 5.Ne2 d5 6.a3 Be7 7.Nf4 c6 8.cxd5 exd5
9.Bd3 a5 10.O-O Na6 11.Bc2 Nc7 12.Rb1 Bd6 13.f3 Bxf4 14.exf4 Nce8 15.g4 Nd6
16.f5 h6 17.Bf4 Nh7 18.Qe1 Nc4 19.Qg3 Re8 20.Rfe1 Bd7 21.h4 Qb6 22.Ne2 Ne3
23.Bd3 c5 24.Nc3 cxd4 25.Bxe3 dxe3 26.Nxd5 Qd4 27.Be4 Nf6 28.Qd6 Kh8 29.Rbd1
Nxe4 30.fxe4 Qxe4 31.Qxd7 Qxg4+ 32.Kh2 Qxh4+ 33.Kg2 Qf2+ 34.Kh3 Re4 {#R} 0-1

[Event "Ch Europe"]
[Site "masterchessopen.com Plovdiv (Bulgaria)"]
[Date "2012.03.28"]
[Round "8"]
[White "Maiorov Nikita (BLR)"]
[Black "Zhigalko Sergei (BLR)"]
[Result "0-1"]
[WhiteElo "2564"]
[BlackElo "2658"]

1.d4 Nf6 2.c4 e6 3.Nc3 Bb4 4.e3 O-O 5.Ne2 d5 6.a3 Be7 7.cxd5 exd5 8.g3 a5
9.Bg2 Re8 10.O-O Bf8 11.Qc2 c6 12.Bd2 g6 13.Qb3 b5 14.Rfc1 Bf5 15.Qd1 h5 16.h3
Nbd7 17.Nf4 Nb6 18.b3 Qd7 19.Qf1 a4 20.bxa4 bxa4 21.Ra2 Nc4 22.Rca1 Bd6 23.Bc1
Bxf4 24.exf4 Reb8 25.Bd2 Rb3 26.Be1 Qa7 27.Rd1 Re8 28.Re2 Reb8 29.g4 hxg4
30.hxg4 Bxg4 31.f3 Bf5 32.Bh3 Qd7 33.Bxf5 Qxf5 34.Nxa4 Ne3 {#R} 0-1

[Event "It (open)"]
[Site "masterchessopen.com Gorzow Wielkopolski (Poland)"]
[Date "2012.04.04"]
[Round "1"]
[White "Klim Kamil (POL)"]
[Black "Trzeciakiewicz Michal (POL)"]
[Result "1-0"]
[WhiteElo "2381"]
[BlackElo "1486"]

1.d4 Nf6 2.c4 e6 3.Nc3 Bb4 4.e3 O-O 5.Ne2 b6 6.a3 Bxc3+ 7.Nxc3 Bb7 8.f3 d5
9.cxd5 Nxd5 10.Bd3 Qh4+ 11.g3 Nxc3 12.bxc3 Qh3 13.Bf1 Qh5 14.Bg2 Nd7 15.O-O
Qg6 16.Rf2 Rad8 17.a4 Rfe8 18.a5 e5 19.axb6 Nxb6 20.Rxa7 exd4 21.cxd4 Ba8
22.Rc2 Kh8 23.Rc5 Nd5 24.e4 Qb6 25.Qa4 Nb4 26.Be3 Nd3 27.Rb5 Qc6 28.Rb1 Qe6
29.Qc2 f5 30.Qxd3 fxe4 31.fxe4 Qg6 32.Ra6 Qg4 33.d5 h5 34.Qd1 Qd7 35.Qxh5+ Kg8
36.Bh3 {#r} 1-0

[Event "Cup Doeberl"]
[Site "masterchessopen.com Canberra (Australia)"]
[Date "2012.04.05"]
[Round "2"]
[White "Lester George E"]
[Black "Li Zuhao Luke"]
[Result "0-1"]
[WhiteElo "1990"]
[BlackElo "2170"]

1.d4 Nf6 2.c4 e6 3.Nc3 Bb4 4.e3 O-O 5.Ne2 d5 6.a3 Be7 7.cxd5 exd5 8.Ng3 b6
9.Bd3 Nbd7 10.Nf5 c5 11.O-O Re8 12.Nxe7+ Qxe7 13.Bd2 Bb7 14.dxc5 bxc5 15.Rc1
Ne5 16.Be2 Rac8 17.Na4 Ne4 18.b4 d4 19.Nxc5 Nxc5 20.Rxc5 d3 21.Bg4 Rxc5
22.bxc5 Qxc5 23.Bb4 Qc6 24.Bh3 Rd8 25.Qh5 Qb5 26.Qh4 f6 27.Be7 d2 28.Rd1 Qe2
{#R} 0-1

[Event "Ch IberoAmerican (final) (Gp C)"]
[Site "masterchessopen.com Quito (Ecuador)"]
[Date "2012.04.19"]
[Round "1"]
[White "Infante Miguel (DOM)"]
[Black "Baules Jorge (PAN)"]
[Result "1-0"]
[WhiteElo "2314"]
[BlackElo "2380"]

1.d4 Nf6 2.c4 e6 3.Nc3 Bb4 4.e3 O-O 5.Ne2 d5 6.a3 Be7 7.cxd5 exd5 8.g3 Bg4
9.Bg2 Qd7 10.h3 Bf5 11.g4 Bg6 12.Qb3 c6 13.Ng3 Bd6 14.f4 h5 15.g5 Nh7 16.h4 f6
17.Nce4 Na6 18.Bh3 Qc7 19.Nxd6 Qxd6 20.Qxb7 fxg5 21.hxg5 Nxg5 22.Qxa6 h4
23.Ne2 Be4 24.fxg5 Bxh1 25.Nf4 Rae8 26.Kf2 Qe7 27.Bd2 Qe4 28.Kg1 Bf3 29.Qf1
Rxf4 30.exf4 Qxd4+ 31.Qf2 Qxb2 32.Re1 Be4 33.Bb4 Qb3 34.Bd7 Rd8 35.Be6+ {#r}
1-0

[Event "Ch City"]
[Site "masterchessopen.com Subotica (Serbia)"]
[Date "2012.05.14"]
[Round "4"]
[White "Guzsvany Arpad (SRB)"]
[Black "Sedlak Ivan (SRB)"]
[Result "1-0"]
[WhiteElo "2200"]
[BlackElo "2110"]

1.d4 e6 2.c4 Nf6 3.Nc3 Bb4 4.e3 O-O 5.Ne2 d5 6.a3 Be7 7.Nf4 dxc4 8.Bxc4 c5
9.O-O Nc6 10.dxc5 Bxc5 11.b4 Bd6 12.Bb2 Qe7 13.Nh5 Rd8 14.Nxf6+ Qxf6 15.Qb3
Qh6 16.f4 a6 17.Ne4 b5 18.Be2 Ne7 19.Rf3 Nf5 20.Rh3 Nh4 21.g3 Qg6 22.Nxd6 Rxd6
23.Rxh4 Qe4 24.f5 Qxf5 25.Rf1 Qd5 26.Qxd5 exd5 27.Rd4 {#r} 1-0

[Event "Cup Serbia (team)"]
[Site "masterchessopen.com Kragujevac (Serbia)"]
[Date "2012.05.17"]
[Round "4"]
[White "Mladenovic Stefan (SRB)"]
[Black "Bojkovic Natasa (SRB)"]
[Result "0-1"]
[WhiteElo "2191"]
[BlackElo "2395"]

1.d4 Nf6 2.c4 e6 3.Nc3 Bb4 4.e3 O-O 5.Ne2 Re8 6.a3 Bf8 7.g3 d5 8.cxd5 exd5
9.Bg2 c6 10.O-O a5 11.Nf4 Bf5 12.f3 h6 13.g4 Bh7 14.h4 Nfd7 15.h5 Nf6 16.Re1
Na6 17.e4 Nc7 18.e5 Nd7 19.Nfe2 c5 20.f4 Qh4 21.Nxd5 Nxd5 22.Bxd5 Qxg4+ 23.Kf2
cxd4 24.Rg1 Qh4+ 25.Ng3 Nc5 26.Rh1 Qe7 27.Qxd4 Red8 28.Qc4 Rac8 29.f5 b5 30.f6
Qd7 31.e6 fxe6 32.Qg4 exd5 33.Qf3 Nd3+ 34.Kg2 Rc2+ {#R} 0-1

[Event "Ch Russia (Higher League)"]
[Site "masterchessopen.com Tiumen (Russia)"]
[Date "2012.06.24"]
[Round "8"]
[White "Matinian Nikita (RUS)"]
[Black "Maletin Pavel (RUS)"]
[Result "0-1"]
[WhiteElo "2426"]
[BlackElo "2596"]

1.d4 Nf6 2.c4 e6 3.Nc3 Bb4 4.e3 O-O 5.Ne2 d5 6.a3 Bd6 7.c5 Be7 8.Nf4 b6 9.b4
c6 10.Nd3 a5 11.Bb2 Ba6 12.Be2 Nbd7 13.O-O Qc7 14.Qc2 Rfb8 15.f4 Bc4 16.g4
bxc5 17.dxc5 axb4 18.axb4 Rxa1 19.Bxa1 Bxd3 20.Bxd3 Nxg4 21.Bxh7+ Kf8 22.Qd2
Ngf6 23.Bd3 Rxb4 24.Qg2 Bxc5 25.Qh3 Rxf4 {#R} 0-1

[Event "Ch Central Serbia (open)"]
[Site "masterchessopen.com Paracin (Serbia)"]
[Date "2012.07.07"]
[Round "2"]
[White "Nenezic Marko (SRB)"]
[Black "Kovacevic Aleksandar (SRB)"]
[Result "1-0"]
[WhiteElo "2346"]
[BlackElo "2537"]

1.d4 Nf6 2.c4 e6 3.Nc3 Bb4 4.e3 O-O 5.Ne2 d5 6.a3 Be7 7.cxd5 exd5 8.Ng3 c5
9.Bd3 cxd4 10.exd4 Nc6 11.O-O Bg4 12.f3 Be6 13.Nge2 Rc8 14.Kh1 h6 15.Bc2 Bd6
16.Qd3 Ne7 17.g4 Ng6 18.g5 hxg5 19.Bxg5 Re8 20.Rg1 a6 21.Qd2 Bb8 22.Ng3 Bxg3
23.Rxg3 Rc6 24.f4 Bc8 25.f5 Ne7 26.Bxf6 Rxf6 27.Qg5 {#r} 1-0

[Event "Ch Europe (team) (juniors) (under 18)"]
[Site "masterchessopen.com Pardubice (Czech Republic)"]
[Date "2012.07.13"]
[Round "2"]
[White "Nagy Gabor (HUN)"]
[Black "Kotainy Jens (GER)"]
[Result "0-1"]
[WhiteElo "2391"]
[BlackElo "2410"]

1.d4 Nf6 2.c4 e6 3.Nc3 Bb4 4.e3 O-O 5.Ne2 b5 6.cxb5 Bb7 7.Ng3 a6 8.Bd2 axb5
9.Nxb5 Be7 10.f3 c6 11.Nc3 c5 12.Bd3 cxd4 13.exd4 Qb6 14.Nge2 Nc6 15.Be3 e5
16.O-O Nxd4 17.Kh1 Kh8 18.Nxd4 exd4 19.Bf2 Bc6 20.Ne2 Qxb2 21.Bxd4 Qb4 22.Re1
Qa5 23.Ng3 Bb4 24.Re5 Qa3 25.Rg5 Bc3 26.Bc5 Qa5 27.h4 Rfe8 28.Bf2 Qb4 29.Nf5
Qb2 30.Nd6 Qxf2 31.Nxf7+ Kg8 32.Bxh7+ Kf8 33.Qd6+ Kxf7 {#R} 0-1

[Event "It (open)"]
[Site "masterchessopen.com Pardubice (Czech Republic)"]
[Date "2012.07.23"]
[Round "4"]
[White "Cerveny Martin (CZE)"]
[Black "Lalic Bogdan (ENG)"]
[Result "0-1"]
[WhiteElo "2346"]
[BlackElo "2495"]

1.d4 Nf6 2.c4 e6 3.Nc3 Bb4 4.e3 O-O 5.Ne2 c6 6.a3 Ba5 7.g3 d5 8.b4 Bc7 9.cxd5
exd5 10.Bg2 Nbd7 11.O-O Nb6 12.f3 h6 13.Qd3 Re8 14.e4 dxe4 15.fxe4 Be6 16.Bf4
Bc4 17.Qd2 Bxf4 18.Rxf4 Nh7 19.Rd1 Rc8 20.g4 Ng5 21.Ng3 Ne6 22.Nf5 Nxf4
23.Qxf4 Rc7 24.e5 Nd5 25.Nxd5 Bxd5 26.Nd6 Re6 27.Bxd5 cxd5 28.Rf1 Qg5 29.Qf3
Rg6 30.h3 Qd2 31.Qf2 Qd3 {#R} 0-1